00310nam a2200133Ia 4500003000400000005001700004008004100021020001500062040000900077100002000086245004300106260001800149260000900167OSt20240131113603.0170524s9999 xx 000 0 und d a8173915687 cIIMT aNegi - Jagmohan 0aHotals Tourism Resorts and Restaurants bKanishka Pub. c2003